01044 2200325 4500001002100000005001500021035002000036007000300056008004100059020002200100082001700122084001900139100003100158245011400189250003500303300002900338650003400367700003600401700003100437264004600468336002100514337003000535338002300565500003000588040002200618090002200640850001200662999002200674990002200696INLIS00000000087634920230214102435 a0010-0223000217ta230214b2022 xx g f ind d a978-623-400-384-004223a899.2213 a899.2213 WOO n1 aWoolf, VirginiaePengarang10aNyonya Dalloway /cVirginia Woolf, Lewis Carroll; penyunting, Nindya Ferrtikasari; penerjemah, Gabriella Joan aCetakan pertama, Desember 2022 aii, 222 halaman ;c20 cm04aFiksi Indonesia -- Terjemahan0 aNindya FerrtikasariePenyunting0 aGabriella JoanePenerjemah31aYogyakarta :bAnak Hebat Indonesia,c2022 2rdacontentateks 2rdamediaatanpa perantara 2rdacarrieravolume aJudul asli: Mrs. Dalloway aYOPDYOGbinderda aCB-D.11 2022-2020 aYOPDYOG aCB-D.11/2022-2020 aCB-D.11/2022-2020